000 00544nam a22001937a 4500
003 OSt
005 20250730113559.0
008 230803b |||||||| |||| 00| 0 eng d
020 _a0072823984
040 _cChuka University Library
050 _aQR 63
_b.B7 2005
100 _aBrown ,Alfred E.
_911254
245 _aBensons ,Microbiological applications: Laboratory manual in general microbiology
250 _a9th ed.
260 _aNew York
_bMcGraw Hill
_c2005
300 _a510p.
650 _aMicrobiology
_9119
942 _2lcc
_cBK
_n0
_02
999 _c14919
_d14919